000 00328 a2200157 4500
001 173765
020 _a
040 _cMagnum
100 _aCarvalho, Barbara Vasconcelos de
240 1 0 _aOs dois gatos
_lpor
245 1 0 _aOs dois gatos
362 0 _a1899
440 1 _aMelhoramentos
697 _aIJ/ANIMAIS
942 _cBK
999 _c173765
_d173765